Voices of the Mute Gramophone Record Covers/ (Record no. 209051)

MARC details
000 -LEADER
fixed length control field 00589nam a22002057a 4500
005 - DATE AND TIME OF LATEST TRANSACTION
control field 20250214143922.0
010 ## - LCCN (DPL NO)
LC control number ENG-143804
020 ## - INTERNATIONAL STANDARD BOOK NUMBER
International Standard Book Number 9789394935013
Terms of availability 1800.00
035 ## - SYSTEM CONTROL NUMBER
System control number EN-127336
037 ## - SOURCE OF ACQUISITION
Source of stock number/acquisition DBAD
082 ## - DEWEY DECIMAL CLASSIFICATION NUMBER
Classification number 780.9543
100 ## - MAIN ENTRY--PERSONAL NAME
Personal name Cakrabartī, Bikāśa
245 ## - TITLE STATEMENT
Title Voices of the Mute Gramophone Record Covers/
Statement of responsibility, etc by Bikāśa Cakrabartī
250 ## - EDITION STATEMENT
Edition statement 1
260 ## - PUBLICATION, DISTRIBUTION, ETC. (IMPRINT)
Place of publication, distribution, etc Kolkata
Name of publisher, distributor, etc Mitram
Date of publication, distribution, etc 2022
270 ## - ADDRESS
Address 37A, College Street
City Kolkata
Postal code 700073
300 ## - PHYSICAL DESCRIPTION
Extent 103p.
Dimensions 29cm(Hb)
500 ## - GENERAL NOTE
General note Includes index
942 ## - ADDED ENTRY ELEMENTS (KOHA)
Source of classification or shelving scheme Dewey Decimal Classification
Item type English Books
Classification part 780.9543
Call number suffix CHA
Holdings
Withdrawn status Lost status Not for loan Collection code Home library Current library Date acquired Source of acquisition Cost, normal purchase price Full call number Barcode Copy number Cost, replacement price Koha item type
    Not For Loan Reference Central Library Central Library 14/02/2025 Delivery of Books Act Division 1800.00 780.9543 CHA EN-127336 1 1800.00 English Books

© Delhi Public Library
Hit Counter
free hit counter